000 00667naa a2200229 i 4500
001 33456
003 ES-MaBCM
005 20241016103627.0
008 950209s1995 esp 000 0 spa d
021 _axx
035 _a(OCoLC)1293192597
040 _cES-MaBCM
041 0 _aspa
043 _aesp
100 1 _aCharro Baena, Pilar
_99525
245 1 3 _aEl pacto de no competencia postcontractual
_cPilar Charro Baena
650 2 7 _aCompetencia económica desleal
_958006
650 2 7 _aContrato de trabajo
_958102
651 2 4 _aEspaña
_9115342
773 0 _aEn:
_tRelaciones laborales
_dMadrid : 1995
_gn. 2, en., p. 9-44. - Loc. S.61
_w104507
942 _cAREV
999 _c33456
_d33456